Loading...

Introduction to fiber optics /

Bibliographic Details
Main Author: Ghatak, Ajoy
Other Authors: Thyagarajan, K.
Language:Undetermined
Published: U. K. : Cambridge University Press , 1998.
Subjects:
LEADER 00705nam a2200181Ia 4500
001 123629
008 170722s9999 xx 000 0 und d
020 |a 0521577853 
100 |a Ghatak, Ajoy 
245 |a Introduction to fiber optics / 
260 |a U. K. :  |b Cambridge University Press ,  |c 1998. 
300 |a 565 p.  |c 26cms 
653 |a Electronics Engineering 
700 |a Thyagarajan, K. 
942 |c GEN 
999 |c 118381  |d 118381 
952 |0 0  |1 0  |4 0  |6 D_654C513_N82N821  |7 0  |9 167375  |a LIB  |b LIB  |d 2017-08-12  |o D65,4(C51:3) N82-N82;1  |p 232359  |r 2017-08-12  |v 795.00  |w 2017-08-12  |y GEN 
952 |0 0  |1 0  |4 0  |6 D_654C513_N82N821  |7 0  |9 167376  |a LIB  |b LIB  |d 2017-08-12  |o D65,4(C51:3) N82-N82;1  |p 242940  |r 2017-08-12  |v 795.00  |w 2017-08-12  |y GEN